000 00268nam a2200109Ia 4500
008 200302s9999 xx 000 0 und d
100 _aJoseph Damelio
245 _aPerspective Drawing Hand Book
260 _bVan Nostrand Reinhold Co.,
260 _c1984
300 _a95 P.,
999 _c803
_d803